Sports Quiz

Random Sports Quiz

MLS Season MVP's Quiz Stats

 Plays Quiz not verified by Sporcle

Support Sporcle.
Go Orange.
Score 0/15 Timer 02:00
0 Plays Today
% Correct
Landon Donovan
92.3%
Preki
53.8%
Preki
53.8%
Taylor Twellman
50%
Carlos Valderrama
46.2%
Marco Etcheverry
38.5%
Jason Kreis
34.6%
Tony Meola
26.9%
% Correct
Luciano Emilio
26.9%
Guillermo Barros Schelotto
23.1%
Christian Gómez
23.1%
Carlos Ruíz
23.1%
David Ferreira
19.2%
Amado Guevara
19.2%
Alex Pineda Chacón
19.2%

You're not logged in!

Compare scores with friends on all Sporcle quizzes.
OR
Log In

From the Vault

Pokémon Attack Endings

by EugeneAllen

The 'bubblebeam' actually sounds kind of pleasant.
Remove Ads.
Support Sporcle.
Get the best of Sporcle when you Go Orange. This ad-free experience offers more features, more stats, and more fun while also helping to support Sporcle. Thank you for becoming a member.

Show Comments

Extras

Created Feb 21, 2011ReportNominate
Tags:MLS, MVP, season

Top Quizzes Today


Score Distribution

Your Account Isn't Verified!

In order to create a playlist on Sporcle, you need to verify the email address you used during registration. Go to your Sporcle Settings to finish the process.

Report this User

Report this user for behavior that violates our Community Guidelines.

Details: